000 00956nam0a22002411 4500
001 rc\158521
005 20250620212704.0
010 _a5-295-016-85-4
_93000
035 _a(NLR Aleph) 005424663
090 _a7512912
_c7512912
100 _a20030307d1996 |||y0rusy50 ca
101 0 _arus
102 _aRU
105 _ay |||||||||
200 1 _aМетодическое руководство к учебнику "Русский язык" для 9 класса башкирской школы
_eПособие для учителей
_fСаяхова Л.Г., Закирьянов К.З., Альмухаметов Р.В., Ямалетдинова А.М.
_gПод ред. проф. Саяховой Л.Г.
210 _aУфа
_cКитап
_d1996
215 _a127 с.
_d20
320 _aБиблиогр. в подстроч. примеч.
801 0 _aRU
_bNLR
_gpsbo
801 1 _aRU
_bELAR
_2rusmarc
852 _aNLR
_j96-3/12241
942 _cBOOK
980 _aNB